La prosa modernista (Record no. 6198)
[ view plain ]
| 000 -LEADER | |
|---|---|
| campo de control de longitud fija | 01216nmc a2200409 a 4500 |
| 003 - IDENTIFICADOR DE NÚMERO DE CONTROL | |
| campo de control | AR-BaBNM |
| 005 - FECHA Y HORA DE LA ÚLTIMA TRANSACCIÓN | |
| campo de control | 20251128204115.0 |
| 008 - DATOS DE LONGITUD FIJA--INFORMACIÓN GENERAL | |
| campo de control de longitud fija | 305019s1993 ||||||||||||||000 | spa|| |
| 020 ## - NÚMERO INTERNACIONAL ESTÁNDAR DEL LIBRO | |
| Número Internacional Estándar del Libro | 950-25-2676-7 |
| 040 ## - FUENTE DE CATALOGACIÓN | |
| Centro/agencia transcriptor | AR-BaBNM |
| 245 10 - MENCIÓN DEL TÍTULO | |
| Título | La prosa modernista |
| Resto del título | antología |
| 260 ## - PUBLICACIÓN, DISTRIBUCIÓN, ETC. | |
| Lugar de publicación, distribución, etc. | Buenos Aires |
| Nombre del editor, distribuidor, etc. | Centro Editor de América Latina |
| Fecha de publicación, distribución, etc. | 1993 |
| 300 1# - DESCRIPCIÓN FÍSICA | |
| Extensión | viii, 90 p. |
| 490 #0 - MENCIÓN DE SERIE | |
| Mención de serie | Biblioteca básica Argentina. Serie A |
| 505 ## - NOTA DE CONTENIDO CON FORMATO | |
| Título | Definición |
| 505 ## - NOTA DE CONTENIDO CON FORMATO | |
| Título | Artistas y pedagogos |
| Mención de responsabilidad | Díaz Romero, Eugenio |
| 505 ## - NOTA DE CONTENIDO CON FORMATO | |
| Título | La corbata azul |
| Mención de responsabilidad | Chiappori, Atilio |
| 505 ## - NOTA DE CONTENIDO CON FORMATO | |
| Título | Sin razón, pero cansado |
| Mención de responsabilidad | Quiroga, Horacio |
| 505 ## - NOTA DE CONTENIDO CON FORMATO | |
| Título | Apolodoro |
| 505 ## - NOTA DE CONTENIDO CON FORMATO | |
| Título | Narciso |
| 505 ## - NOTA DE CONTENIDO CON FORMATO | |
| Título | Holocausto |
| Mención de responsabilidad | Goycoechea Menéndez, Martín |
| 505 ## - NOTA DE CONTENIDO CON FORMATO | |
| Título | Las tres gracias |
| 505 ## - NOTA DE CONTENIDO CON FORMATO | |
| Título | Milantia |
| Mención de responsabilidad | Estrada, Angel de |
| 505 ## - NOTA DE CONTENIDO CON FORMATO | |
| Título | El emigrado |
| 505 ## - NOTA DE CONTENIDO CON FORMATO | |
| Título | La hora del milagro |
| Mención de responsabilidad | Güiraldes, Ricardo |
| 505 ## - NOTA DE CONTENIDO CON FORMATO | |
| Título | Zogoibi |
| Mención de responsabilidad | Larreta, Enrique |
| 650 #4 - PUNTO DE ACCESO ADICIONAL DE MATERIA--TÉRMINO DE MATERIA | |
| Término de materia o nombre geográfico como elemento de entrada | POETAS |
| 650 #4 - PUNTO DE ACCESO ADICIONAL DE MATERIA--TÉRMINO DE MATERIA | |
| Término de materia o nombre geográfico como elemento de entrada | LITERATURA ARGENTINA |
| 650 #4 - PUNTO DE ACCESO ADICIONAL DE MATERIA--TÉRMINO DE MATERIA | |
| Término de materia o nombre geográfico como elemento de entrada | REALISMO |
| 651 #4 - PUNTO DE ACCESO ADICIONAL DE MATERIA--NOMBRE GEOGRÁFICO | |
| Nombre geográfico | Argentina |
| 653 #0 - TÉRMINO DE INDIZACIÓN--NO CONTROLADO | |
| Término no controlado | MODERNISMO |
| 655 ## - TERMINO DE INDIZACIÓN--GENERO/FORMA | |
| Datos o término principal de género/forma | LITERATURA |
| 700 ## - ENTRADA AGREGADA--NOMBRE PERSONAL | |
| Nombre de persona | Ara, Guillermo |
| Término indicativo de función/relación | compilador |
| 700 1# - ENTRADA AGREGADA--NOMBRE PERSONAL | |
| Nombre de persona | Monges, Hebe |
| Término indicativo de función/relación | compilador |
| 942 ## - ELEMENTOS DE ENTRADA SECUNDARIOS (KOHA) | |
| Tipo de ítem Koha | Libros |
| 998 ## - INFORMACIÓN DE CONTROL LOCAL (RLIN) | |
| Iniciales del catalogador, CIN (RLIN) | Carmen |
| Estatus retirado | Estado de pérdida | Fuente de la clasificación o esquema de estantería | Estado de daño | No para préstamo | Biblioteca de origen | Biblioteca actual | Fecha de adquisición | Total de préstamos | Signatura topográfica completa | Código de barras | Visto por última vez | Precio de reemplazo | Tipo de ítem Koha |
|---|---|---|---|---|---|---|---|---|---|---|---|---|---|
| Clasificación Decimal Dewey | Liberty | Liberty | 28/11/2025 | 860[82] C-BBA 75 | 092251 | 28/11/2025 | 28/11/2025 | Libros | |||||
| Clasificación Decimal Dewey | Liberty | Liberty | 28/11/2025 | 860[82] C-BBA 75 | 092252 | 28/11/2025 | 28/11/2025 | Libros |